00510nam a2200205Ia 4500003000400000005001700004008004100021020001400062040000700076041001200083082002100095100001700116245004100133260004100174300003100215365001300246650001200259650001500271700001800286OSt20250701192225.0210423s2009 xx 000 0 und d a415371414 cAL aEnglish a070.1 223bMACN aDavid Machin aNews production: theory and practice aLondonbRoutledge & Kegan Paulc2009 avi,202p.bPBc21.5x13.5cm. b395cINR aGeneral aMass Media aNiblock Sarah